Statistiques concernant Mots de la langue française terminés par "race"

Cliquez ici pour prendre le quiz!

Statistiques générales

  • Ce quiz a été pris 149 fois
  • Le résultat moyen est 6 sur 11

Statistiques - réponses

IndiceMot% Correct
empreintetrace
98%
espècerace
93%
faveurgrâce
67%
poète latinHorace
67%
avidevorace
65%
défaveurdisgrâce
57%
région balkaniqueThrace
48%
sincèrevérace
26%
île grecqueSamothrace
17%
sport antiquepancrace
13%
qui a l'aspect des coquillages.ostracé
0%

Distribution des résultats

Percentile par nombre de réponses

% des personnes avec chaque résultat

Votre développement - résultats

Vous n’avez pas pris ce quiz